000
00343 a2200169 4500
001
160816
020
_a
85-322-0551-8
040
_c
Magnum
100
_a
Porto, Cristina
240
1
0
_a
Para onde vai?
_l
por
245
1
0
_a
Para onde vai?
300
_a
24
362
0
_a
1992
440
1
_a
FTD
697
_a
LITERATURA INFANTIL
942
_c
BK
999
_c
160816
_d
160816